South Sudanese State Flags - Statistics

General Stats
  • This quiz has been taken 14 times
  • The average score is 10 of 13
Answer Stats
Picture Answer % Correct
Jonglei
100%
Unity
100%
Lakes
86%
Warrap
86%
Northern Bahr el Ghazal
71%
Pibor
71%
Ruweng
71%
Upper Nile
71%
Western Equatoria
71%
Abyei
57%
Central Equatoria
57%
Eastern Equatoria
57%
Western Bahr el Ghazal
57%
No matching quizzes found
Score Distribution
Percent of People with Each Score
Percentile by Number Answered
Your Score History
You have not taken this quiz